| 000 -LEADER |
| fixed length control field |
00617cam a2200181Mi 4500 |
| 020 ## - INTERNATIONAL STANDARD BOOK NUMBER |
| ISBN |
9789251064139 |
| 020 ## - INTERNATIONAL STANDARD BOOK NUMBER |
| ISBN |
925106413X |
| 040 ## - CATALOGING SOURCE |
| Transcribing agency |
NLGGC |
| 082 ## - DEWEY DECIMAL CLASSIFICATION NUMBER |
| Classification number |
551 FOO 2009 A032 Or. |
| 100 1# - MAIN ENTRY--AUTHOR NAME |
| Personal name |
Neely, C. |
| 245 10 - TITLE STATEMENT |
| Title |
Review of evidence on drylands pastoral systems and climate change : |
| Remainder of title |
implications and opportunities for mitigation and adaptation / |
| 260 ## - PUBLICATION, DISTRIBUTION, ETC. (IMPRINT) |
| Place of publication |
Rome : |
| Name of publisher |
Food and agriculture organization of the United nations (FAO), |
| Year of publication |
2009. |
| 300 ## - PHYSICAL DESCRIPTION |
| Number of Pages |
viii, 38 p. : |
| Other physical details |
ill. ; |
| Dimensions |
30 cm. |
| 490 0# - SERIES STATEMENT |
| Series statement |
Land and water discussion paper / FAO ; |
| 700 1# - ADDED ENTRY--PERSONAL NAME |
| Personal name |
Bunning, S. |
| 700 1# - ADDED ENTRY--PERSONAL NAME |
| Personal name |
Wilkes, A. |
| 942 ## - ADDED ENTRY ELEMENTS (KOHA) |
| Koha item type |
សៀវភៅភាសាអង់គ្លេស |
| 952 ## - LOCATION AND ITEM INFORMATION (KOHA) |
| Withdrawn status [LOCAL, KOHA] |
0 |